Cyprus
Αποθηκεύτηκε σε:
| Κύριος συγγραφέας: | |
|---|---|
| Άλλοι συγγραφείς: | |
| Μορφή: | Βιβλίο |
| Γλώσσα: | English |
| Δημοσίευση: |
London : New York :
A & C Black, WW Norton,
c1998
|
| Σειρά: | Blue guide
|
| Θέματα: | |
| Ετικέτες: |
Προσθήκη ετικέτας
Δεν υπάρχουν, Καταχωρήστε ετικέτα πρώτοι!
|
MARC
| LEADER | 00000nam a2200000 i 4500 | ||
|---|---|---|---|
| 001 | 1/83038 | ||
| 008 | 990528s1998 eng d | ||
| 020 | |a 0713639865 | ||
| 035 | |l 10051246 | ||
| 040 | |a GR-MY-UA |b gre |e aacr | ||
| 041 | 0 | |a eng | |
| 082 | 0 | |a 915.645044 | |
| 100 | 1 | |a McDonald, Bernard R. | |
| 245 | 1 | 0 | |a Cyprus / |c Bernard Mc Donagh and Ian Robertson |
| 260 | |a London : |a New York : |b A & C Black, |b WW Norton, |c c1998 | ||
| 300 | |a 255 p. |b fig.; maps | ||
| 490 | 1 | |a Blue guide | |
| 504 | |a Includes index | ||
| 651 | 0 | |a Cyprus |x Description and travel |x Guidebooks. | |
| 700 | 1 | |a Robertson, Ian |d 1928- | |
| 830 | 0 | |a Blue guide | |
| 852 | |a INST |b LESVOS |e 19990528 |h 915.645044 MCD |p 005100023033 |q 005100023033 |t REF |y 23 | ||
| 901 | |a BIBL1-1999-3 | ||
| 909 | |a Λ |b 063599 | ||
| 922 | |a 1ΕΛΗ |b 199901 |c ΚΠΣ/ΚΥΒ |d LEADER | ||
| 950 | |a 023-1998-09-14 | ||
| 970 | |a ΤΖΑΦΕΡΗ |b ΕΥΑΓΓΕΛΙΑ |z 1999/10/18 | ||